México viejo : época colonial : noticias históricas, tradiciones, leyendas y costumbres /

Volumen que reúne noticias históricas, tradiciones, leyendas, crónicas sobre las costumbres y descripciones sobre las más sobresalientes edificaciones de la Ciudad de México durante la época colonial. No pretende ser una obra histórica minuciosa y detallada sino un conjunto de narraciones que tienen...

Fuld beskrivelse

Guardado en:
Bibliografiske detaljer
Hovedforfatter: González Obregón, Luis (autor)
Format: Bog
Sprog:spansk
Udgivet: México : Patria, 1945, c1945
Udgivelse:Nueva ed.
Fag:
Tags: Tilføj Tag
Ingen Tags, Vær først til at tagge denne postø!

MARC

LEADER 00000nam^a2200000^a^4500
001 000297123
005 20250521000000.0
009 20260310112330.624
037 |a Acervo Xavier Clavigero 
041 |a ESP 
082 |a 972. 53203  |b GON 
100 |a González Obregón, Luis  |e (autor) 
240 1 1 |a [México viejo: época colonial] 
245 1 0 |a México viejo :  |b época colonial : noticias históricas, tradiciones, leyendas y costumbres /  |c L. González Obregón 
250 |a Nueva ed.  |b corr. y aum. 
264 4 |a México :  |b Patria,  |c 1945, c1945 
300 |a XV, 742 p. 
336 |a texto  |b txt  |2 rdacontenido 
337 |a sin mediación  |b n  |2 rdamedio 
338 |a volumen  |b nc  |2 rdasoporte 
520 |a Volumen que reúne noticias históricas, tradiciones, leyendas, crónicas sobre las costumbres y descripciones sobre las más sobresalientes edificaciones de la Ciudad de México durante la época colonial. No pretende ser una obra histórica minuciosa y detallada sino un conjunto de narraciones que tienen en común referirse a la época virreinal. 
649 |a XX 
650 |a Arquitectura Virreinal -  |z México (Ciudad) 
650 |a Arquitectura Mexicana 
650 |a Arte Virreinal -  |z México (Ciudad) 
650 |a Arte Mexicano 
650 |a México (Ciudad) -  |x Historia -  |y Epoca Colonial, 1517-1821 -  |x Tema Principal 
650 |a Leyendas Mexicanas -  |z México (Ciudad) -  |x Tema Principal 
650 |a Crónicas Mexicanas 
650 |a Literatura Mexicana -  |y Siglo XX 
650 |a Prácticas Culturales -  |z México (Ciudad) -  |x Tema Principal 
650 |a Vida Cotidiana -  |z México (Ciudad) -  |x Tema Principal 
650 |a México (Ciudad) -  |x Historia -  |y Virreinato, 1535-1821 
650 |a México (Ciudad) -  |x Historia -  |y Epoca Colonial, 1517-1821 
650 |a México -  |x Historia -  |y Virreinato, 1535-1821 
650 |a México -  |x Historia -  |y Epoca Colonial, 1517-1821 
910 |a Fondo General 
920 |a Impresos - Libros 
930 |a Colección General 
905 |a 101 
901 |a 010998  |b IT1  |c ACC  |u 20250521 
902 |a https://opac.biblio.iteso.mx/vufind/Record/000297123